Countries That Own the Most Land in the U.S. - Statistics

General Stats
  • This quiz has been taken 49 times
  • The average score is 7 of 9
Answer Stats
% Owned Country % Correct
3.2 France
98%
0.9 China
94%
6 United Kingdom
92%
31 Canada
90%
7 Italy
90%
6 Germany
84%
12 Netherlands
80%
3.6 Portugal
47%
2.1 Denmark
45%
No matching quizzes found
Score Distribution
Percent of People with Each Score
Percentile by Number Answered
Your Score History
You have not taken this quiz